• 首页
  • 本馆介绍
  • 公告通知
  • 最新文献
  • 馆藏检索
  • 电子资源
  • 读者导购
  • 参考咨询
  • 我的图书馆
  • 登录
  • 详细信息显示
  • 放入我的书架
  • 预约/预借图书
  • 作者相关作品
  • 分类相关作品
  • 丛书相关作品
  • 出版社相关作品

书目信息

  • 表格格式
  • 工作单格式
  • 卡片格式
题名:
逻辑代数及其应用
    
 
作者: 索斯 著 ;李树贻 译
分册:  
出版信息: 北京   文化教育出版社  1981
页数: 130页
开本: 19cm
丛书名:
单 册:
中图分类: O153.2
科图分类:
主题词: 布尔代数--应用
电子资源:
ISBN:
000 00670nam0 2200241 45
001 0181005354
005 20060724173355.35
010    @dCNY0.46
091    @a7057.052
100    @a19950523d1981 em y0chiy0121 ea
101 1  @achi
102    @aCN@b110000
105    @ay z 000yy
200 10 @a逻辑代数及其应用@Aluo ji dai shu ji qi ying yong@f()G·F·索斯著@F()G·F·suo si zhu@g李树贻译
210    @a北京@c文化教育出版社@d1981
215    @a130页@d19cm
606    @a布尔代数@x应用
690    @aO153.2@v4
701  0 @a索斯@Asuo si@4著
702  0 @a李树贻@Ali shu yi@4译
801  2 @aCN@bNLC@c20060724
801  0 @aCN@b上海图书馆@c20060718
905    @dO153.2@e13
    
    逻辑代数及其应用/()G·F·索斯著/李树贻译.-北京:文化教育出版社,1981
    130页;19cm
    
    
    ISBN :CNY0.46
    
●
相关链接 在E读中查询图书 在五车中查询图书 在当当中查询图书 在豆瓣中查询图书


正题名:逻辑代数及其应用     索取号:O153.2/13         预约/预借

序号 登录号 条形码 馆藏地/架位号 状态 备注
1 0160082   000414509   第三借阅区/ [索取号:O153.2/13] 在馆    
2 0160083   000414536   密集书库/ [索取号:O153.2/13] 在馆    
3 0160084   000414545   第三借阅区/ [索取号:O153.2/13] 在馆    
4 0160085   000414554   密集书库/ [索取号:O153.2/13] 在馆    
5 0160086   202236525   密集书库/ [索取号:O153.2/13] 在馆    
6 0160087   202235474   密集书库/ [索取号:O153.2/13] 在馆    
7 0160088   202235465   密集书库/ [索取号:O153.2/13] 在馆    
8 0160089   000414527   密集书库/ [索取号:O153.2/13] 在馆    
9 0160090   000414518   密集书库/ [索取号:O153.2/13] 在馆    
10 0160091   202094367   第二样本阅览室/ [索取号:O153.2/13] 在馆    
11 0429492   204294922   密集书库/ [索取号:O153.2/13] 在馆    
12 0431212   204312127   密集书库/ [索取号:O153.2/13] 在馆    
13 0431213   204312136   密集书库/ [索取号:O153.2/13] 在馆    
14 0431214   204312145   密集书库/ [索取号:O153.2/13] 在馆    
唐山师范学院图书馆 欢迎您!
大连网信软件有限公司© 版权所有